000 00369nas a2200157 a 4500
001 38765
003 107131
005 20201118101455.0
008 ||||||n9999 ||| || ||
041 _aspa
245 0 _aSumma Internacional - No.42-44
260 _aBogotá :
_bCarvajal,
_c1991.
562 _e0
773 _016165
_aSumma Internacional :
942 _cSISS
999 _c38765
_d38765